Statistiques concernant Tous les Royaume de feu du 1 au 14

Cliquez ici pour prendre le quiz!

Statistiques générales

  • Ce quiz a été pris 44 fois
  • Le résultat moyen est 8 sur 13

Statistiques - réponses

Livres% Correct
La prophétie
96%
La princesse disparue
88%
La-Nuit-La-Plus-Claire
84%
La montagne de Jade
80%
Au coeur de la jungle
76%
La tempête de Sable
72%
L'ile au secret
68%
La mission de Péril
64%
Les serres du Pouvoir
64%
Le souffle du mal
48%
Le continent perdu
44%
Les rebelles de Pantala
44%
Le pièce de Glace
0%

Distribution des résultats

Percentile par nombre de réponses

% des personnes avec chaque résultat

Votre développement - résultats

Vous n’avez pas pris ce quiz